Anime Main Characters: Sudden Death - Statistics

General Stats
  • This quiz has been taken 2,033 times
  • The average score is 5 of 15
Answers on the Grid
Answers color-coded by a green-red scale on the quiz's grid according to % correct below.
Albert Moriarty
Kusuke Saiki
Gon Freecss
Haru Nanase
Hitori Goto
Atsushi Nakajima
Ichigo Kurosaki
Hiyori Iki
Light Yagami
Inosuke Hasibara
Giyu Tomioka
Karma Akabane
Katsuki Bakugo
Kusuo Saiki
L Lawliet
Nagisa Shoita
Rei Hino
William Moriarty
Killua Zoldyck
Tobio Kageyama
Naruto Uzumaki
Reki Kyan
Osamu Dazai
Rei Ryugazaki
Shoyo Hinata
Tanjiro Kamado
Usagi Tsukino
Yuki Soma
Sakura Haruno
Tohru Honda
 
Answer Stats
Answer % Correct
Gon Freecss
70%
Light Yagami
68%
Ichigo Kurosaki
62%
Naruto Uzumaki
60%
Tanjiro Kamado
57%
Shoyo Hinata
30%
Kusuo Saiki
22%
Nagisa Shoita
21%
Hitori Goto
16%
Atsushi Nakajima
13%
Tohru Honda
11%
William Moriarty
11%
Haru Nanase
10%
Usagi Tsukino
10%
Reki Kyan
5%
No matching quizzes found
Score Distribution
Percent of People with Each Score
Percentile by Number Answered
Your Score History
You have not taken this quiz